000
00280pab a2200109 454500
008
180718b xxu||||| |||| 00| 0 eng d
100
_a
Deshpande, R.S. and others
245
_a
Farm subsidies: are they dispensable
650
_a
Agriculture
773
_a
Economic Times
909
_a
22501
999
_c
22501
_d
22501